| 000 | 00703nam a2200241Ia 4500 | ||
|---|---|---|---|
| 005 | 20250425162717.0 | ||
| 008 | 250425s9999 xx 000 0 und d | ||
| 020 | _a9780750636346 | ||
| 041 | _aeng | ||
| 082 |
_a621.31 _pKUF |
||
| 100 | _aKuffel, E. | ||
| 245 | 0 |
_aHigh Voltage Engineering _bFundamentals _cE. Kuffel, W. S. Zaengl, J. Kuffel |
|
| 250 | _aSegunda ed. | ||
| 260 |
_aEstados Unidos, Burlington _bNewnes _c2000 |
||
| 300 |
_a539 p. _bIlustrado _c24 cm |
||
| 500 | _aIncluye Tabla de contenido, bibliografia, indice | ||
| 650 | _aAlta tencion | ||
| 650 | _aIngenieria electrica | ||
| 650 | _aSobretensiones | ||
| 902 |
_aMonográfico _cImpreso |
||
| 942 | _c01 | ||
| 010 | _a101331 | ||
| 999 |
_c234879 _d234879 |
||